00626nam a2200181 i 4500001000300000100001700003245005100020260002300071490006100094830006100155040000800216041000800224942000700232008004100239999001700280856009800297952004900395bg1 aOGDEN, R. W. 0aNon-linear elastic deformations /cR.W. Ogden. aChichester,c1984.1 aEllis Harwood Series in Mathematics and Its Applications aEllis Harwood Series in Mathematics and Its Applications cBPK apol cKS s pl f |000 0 pol  c23376d23376 uhttp://koha.tu.koszalin.pl/cgi-bin/koha/opac-detail.pl?biblionumber=23376yKatalog online BPK 00104070aBPKbBPKcwo33455p01199567yKS